डिजिटल युग में मासकल्चर और विज्ञापन / (Record no. 1014997)

MARC details
000 -LEADER
fixed length control field 01073nam a2200241Ia 4500
003 - CONTROL NUMBER IDENTIFIER
control field OSt
005 - DATE AND TIME OF LATEST TRANSACTION
control field 20251015114745.0
008 - FIXED-LENGTH DATA ELEMENTS--GENERAL INFORMATION
fixed length control field 221004b |||||||| |||| 00| 0 hin d
020 ## - INTERNATIONAL STANDARD BOOK NUMBER
International Standard Book Number 9788179753118 (hbk)
037 ## - SOURCE OF ACQUISITION
Terms of availability Textual
040 ## - CATALOGING SOURCE
Original cataloging agency CRL
Transcribing agency CRL
Language of cataloging hin
041 ## - LANGUAGE CODE
Source of code hin
Language code of text/sound track or separate title hin
100 ## - MAIN ENTRY--PERSONAL NAME
Personal name चतुवेंदी, जगदीश्वर
9 (RLIN) 848388
245 #0 - TITLE STATEMENT
Title डिजिटल युग में मासकल्चर और विज्ञापन /
246 ## - VARYING FORM OF TITLE
Title proper/short title Ḍijiṭal yug mean māsakalchar aur vijnyāpana
260 ## - PUBLICATION, DISTRIBUTION, ETC.
Place of publication, distribution, etc. नई दिल्ली, भारत:
Name of publisher, distributor, etc. अनामिका पब्लिशर्स,
Date of publication, distribution, etc. 2010.
300 ## - PHYSICAL DESCRIPTION
Extent 418पृ0
Dimensions cm.
650 ## - SUBJECT ADDED ENTRY--TOPICAL TERM
Topical term or geographic name entry element भारतीय-लोक साहित्य
9 (RLIN) 848389
700 ## - ADDED ENTRY--PERSONAL NAME
Personal name सिंह, सुधा (संपा.)
9 (RLIN) 848390
942 ## - ADDED ENTRY ELEMENTS (KOHA)
Classification part Y:10gX:513, 152Q0
Koha item type Textual
Source of classification or shelving scheme Colon Classification (CC)
Suppress in OPAC No
Holdings
Withdrawn status Lost status Damaged status Not for loan Home library Current library Date acquired Source of acquisition Cost, normal purchase price Total Checkouts Full call number Barcode Date last seen Cost, replacement price Price effective from Koha item type Date last checked out
        Central Library Arts Library 2022-10-05 402, 22/03/2010, Swaraj Prakashan 600.00 1 Y:10gX:513 152Q0 CL1401574 2026-01-02 600.00 2022-10-05 Textual 2025-12-20
        Central Library Central Library 2022-10-05 248, 03/12/2015, Eastern Book Linkers 750.00   Y:10gX:513 152Q0 BR0000638 2022-10-05 750.00 2022-10-05 Textual  
Copyright @ Delhi University Library System